000 00305nam a22001457a 4500
003 SGT
020 _a9788122479317
082 _a615.19
_bKAR
100 _aKAR ASHUTOSH
245 _aMEDICINAL CHEMISTRY
250 _a8TH
260 _aINDIA
_bNEW AGE PUB
_c2025
300 _a966
942 _2ddc
_cBK
999 _c34481
_d34481